[Event "49th Bosna it"]
[Site "Sarajevo BIH"]
[Date "2019.05.02"]
[Round "8.2"]
[White "Kozul, Zdenko"]
[Black "Sadikhov, Ulvi"]
[Result "0-1"]
[WhiteElo "2589"]
[BlackElo "2479"]
[EventDate "2019.04.27"]
[PlyCount "104"]

1.d4 Nf6 2.Nf3 g6 3.c4 Bg7 4.Nc3 d6 5.e4 Bg4 6.Be2 Nfd7 7.Ng1 Bxe2 8.Ngxe2
c5 9.d5 O-O 10.O-O Na6 11.Bg5 Nc7 12.a4 a6 13.Qd2 Rb8 14.a5 b5 15.axb6 
Rxb6 16.Ra3 Re8 17.b3 Qb8 18.Qc2 e6 19.h3 exd5 20.exd5 f5 21.Re1 Ne5 22.
Bd2 Qd8 23.Nf4 Qh4 24.Nd3 Rbb8 25.Nxe5 Bxe5 26.Nd1 Re7 27.Kf1 Rbe8 28.Qd3 
Kf7 29.Ra2 Rb8 30.Re2 Ne8 31.Rxa6 Reb7 32.Ra3 Nf6 33.Be1 Qd4 34.Re3 Ne4 
35.Qe2 Bf4 36.Rd3 Qf6 37.Qa2 Re8 38.Ra7 Rxa7 39.Qxa7+ Re7 40.Qa2 Qe5 41.
Ne3 Bxe3 42.Rxe3 Qh2 43.Qa1 f4 44.Qh8 fxe3 45.Qxh7+ Ke8 46.Qxg6+ Kd7 47.
fxe3 Qe5 48.Qg8 Nf6 49.Qa8 Qf5+ 50.Kg1 Rxe3 51.Bh4 Qf4 52.Qh8 Re7 0-1

[Event "49th Bosna it"]
[Site "Sarajevo BIH"]
[Date "2019.05.02"]
[Round "8.3"]
[White "Brkic, Ante"]
[Black "Kadric, Denis"]
[Result "1/2-1/2"]
[WhiteElo "2560"]
[BlackElo "2542"]
[EventDate "2019.04.27"]
[PlyCount "56"]

1.e4 d6 2.d4 Nf6 3.Nc3 e5 4.Nf3 Nbd7 5.Bc4 Be7 6.a4 O-O 7.O-O c6 8.h3 h6 
9.Re1 Re8 10.Ba2 a5 11.Be3 exd4 12.Bxd4 Nf8 13.Qd3 Be6 14.Bxe6 Nxe6 15.Be3
Nd7 16.Nd4 Nec5 17.Qd2 Bf8 18.Nf5 Qf6 19.Ng3 Qg6 20.Rad1 Rad8 21.Qe2 Nb6 
22.b3 d5 23.exd5 Nxd5 24.Nxd5 cxd5 25.c3 Nxb3 26.Qb5 d4 27.cxd4 Bb4 28.Re2
Nc5 1/2-1/2

[Event "49th Bosna it"]
[Site "Sarajevo BIH"]
[Date "2019.05.02"]
[Round "8.4"]
[White "Sutkovic, Damir"]
[Black "Djukic, Nikola"]
[Result "1/2-1/2"]
[WhiteElo "2350"]
[BlackElo "2566"]
[EventDate "2019.04.27"]
[PlyCount "62"]

1.d4 Nf6 2.Nc3 d5 3.Bf4 g6 4.Qd2 Bg7 5.Bh6 Bxh6 6.Qxh6 c5 7.dxc5 Qa5 8.e3 
Nc6 9.Bb5 Bd7 10.Ne2 Ne5 11.Qf4 Bxb5 12.b4 Qa6 13.Qxe5 Bxe2 14.Nxe2 O-O 
15.Qxe7 Ne4 16.Qe5 Qb5 17.Rb1 a5 18.Nc3 Qc4 19.Nxd5 Rfe8 20.Nb6 Qb5 21.a4 
Qa6 22.b5 Rxe5 23.bxa6 Rxa6 24.Nd7 Rf5 25.f3 Nxc5 26.e4 Rg5 27.h4 Rxg2 28.
Nxc5 Rc6 29.Nxb7 Rcxc2 30.Nxa5 Rce2+ 31.Kd1 Rd2+ 1/2-1/2

[Event "49th Bosna it"]
[Site "Sarajevo BIH"]
[Date "2019.05.02"]
[Round "8.6"]
[White "Soysal, Serkan"]
[Black "Klasan, Vladimir"]
[Result "0-1"]
[WhiteElo "2424"]
[BlackElo "2366"]
[EventDate "2019.04.27"]
[PlyCount "76"]

1.d4 Nf6 2.c4 c6 3.Bf4 Qb6 4.Qd2 d5 5.Nc3 Bf5 6.cxd5 cxd5 7.f3 e6 8.g4 Bg6
9.h4 h6 10.e3 Nc6 11.Kf2 a6 12.Bg3 h5 13.g5 Ng8 14.Nge2 Nge7 15.Nf4 Nf5 
16.Nxg6 fxg6 17.Bh3 Bb4 18.a3 Bxc3 19.Qxc3 O-O 20.Rac1 Rac8 21.b4 Kh7 22.
Qd3 Rf7 23.Kg2 Rcf8 24.Rhf1 e5 25.Bxf5 Rxf5 26.Rc5 e4 27.Qd2 exf3+ 28.Kf2 
Qd8 29.Rfc1 Qd7 30.a4 R5f7 31.Rh1 b6 32.Rcc1 Ne7 33.Qa2 Qg4 34.Rcg1 Rc8 
35.Bf4 Qf5 36.Rc1 Rxc1 37.Rxc1 Qh3 38.Rg1 Rxf4 0-1

[Event "49th Bosna it"]
[Site "Sarajevo BIH"]
[Date "2019.05.02"]
[Round "8.7"]
[White "Buljubasic, Sabahudin"]
[Black "Savanovic, Aleksandar"]
[Result "1-0"]
[WhiteElo "2347"]
[BlackElo "2423"]
[EventDate "2019.04.27"]
[PlyCount "131"]

1.e4 e5 2.Nf3 Nc6 3.Bc4 Bc5 4.d3 Nf6 5.O-O d6 6.c3 O-O 7.h3 a6 8.Bb3 Ba7 
9.Nbd2 h6 10.Re1 Nh5 11.Nf1 Qf6 12.Be3 Nf4 13.Ng3 g6 14.d4 h5 15.Rc1 Na5 
16.Bc2 Nc4 17.b3 Nxe3 18.fxe3 Ne6 19.Rf1 Qh8 20.Qe1 Qh6 21.Kh2 Ng5 22.Nh4 
f6 23.Qe2 Be6 24.Rf2 Rae8 25.Rcf1 Nh7 26.Bd3 c6 27.d5 Bd7 28.dxc6 bxc6 29.
Re1 a5 30.Bc4+ Kh8 31.Rd1 Bb8 32.b4 axb4 33.cxb4 Bc8 34.b5 d5 35.Bb3 d4 
36.bxc6 dxe3 37.Nhf5 gxf5 38.Nxf5 Qg5 39.Rf3 h4 40.Nxe3 f5 41.Bd5 fxe4 42.
Rxf8+ Rxf8 43.Kh1 Nf6 44.Rf1 Kg7 45.Qb2 Ba7 46.Qa3 Bxe3 47.Qe7+ Kg6 48.
Qxf8 Bf4 49.Bf7+ Kh7 50.Qxc8 e3 51.c7 e2 52.Re1 Kg7 53.g4 hxg3 54.Kg2 e4 
55.Qb7 Qc5 56.Rxe2 Bxc7 57.Qb3 Bb6 58.Qxg3+ Kxf7 59.Qb3+ Ke7 60.Qb1 Qd4 
61.a3 Bc5 62.Qb7+ Ke6 63.Qc8+ Kf7 64.Qc7+ Kg6 65.Qg3+ Kf5 66.Re1 {Time} 
1-0

[Event "49th Bosna it"]
[Site "Sarajevo BIH"]
[Date "2019.05.02"]
[Round "8.10"]
[White "Dizdarevic, Emir"]
[Black "Vajic, Goran"]
[Result "1-0"]
[WhiteElo "2423"]
[BlackElo "2280"]
[EventDate "2019.04.27"]
[PlyCount "93"]

1.Nf3 Nf6 2.b3 g6 3.Bb2 Bg7 4.d4 O-O 5.e3 d6 6.Be2 a5 7.O-O Nc6 8.c4 Bf5 
9.d5 Nb4 10.Nd4 Bd7 11.Bf3 Qc8 12.Nc3 Bg4 13.Bxg4 Nxg4 14.Qe2 Nh6 15.Rad1 
e5 16.dxe6 fxe6 17.a3 Nc6 18.Ndb5 Qd8 19.Ne4 Qh4 20.Bxg7 Kxg7 21.f4 Qe7 
22.Rf2 Rae8 23.Qb2+ Kg8 24.Nbc3 Ng4 25.Rf3 Nf6 26.Ng5 h6 27.Nh3 Qg7 28.Qc2
Kh7 29.Rdf1 Ne7 30.Nf2 Nd7 31.Nb5 Rc8 32.Rh3 Kg8 33.Nd4 Nc5 34.Ne4 Nf5 35.
Nxc5 Nxd4 36.exd4 dxc5 37.dxc5 Rf5 38.Qe4 Re8 39.b4 axb4 40.axb4 g5 41.
Rhf3 g4 42.Ra3 Qf7 43.h3 e5 44.Rg3 exf4 45.Rxg4+ Kh8 46.Qd4+ Qf6 47.Rfxf4 
1-0

[Event "49th Bosna it"]
[Site "Sarajevo BIH"]
[Date "2019.05.02"]
[Round "8.11"]
[White "Subelj, Jan"]
[Black "Kontic, Djordjije"]
[Result "1-0"]
[WhiteElo "2407"]
[BlackElo "2267"]
[EventDate "2019.04.27"]
[PlyCount "73"]

1.e4 c5 2.Na3 g6 3.c3 d5 4.d3 Bg7 5.Be2 h5 6.exd5 Nf6 7.Qa4+ Nbd7 8.c4 O-O
9.Nf3 a6 10.O-O b5 11.Qd1 Rb8 12.Bf4 Rb6 13.Qd2 Bb7 14.Ng5 Ng4 15.Bxg4 
hxg4 16.Rae1 b4 17.Nb1 Rf6 18.Ne4 Rf5 19.Ng3 e5 20.Nxf5 gxf5 21.Bh6 f4 22.
Bxg7 Kxg7 23.g3 Rh8 24.f3 Rh3 25.Qg2 fxg3 26.hxg3 f5 27.fxg4 fxg4 28.Nd2 
Qa5 29.Re4 Nf6 30.Rxg4+ Nxg4 31.Qxh3 Bc8 32.Qh5 Qc7 33.Ne4 Qe7 34.d6 Qe6 
35.Ng5 Qh6 36.Rf7+ Kg8 37.Rf8+ 1-0

[Event "49th Bosna it"]
[Site "Sarajevo BIH"]
[Date "2019.05.02"]
[Round "8.12"]
[White "Jakovljevic, Vlado"]
[Black "Burovic, Rijad"]
[Result "1/2-1/2"]
[WhiteElo "2356"]
[BlackElo "2393"]
[EventDate "2019.04.27"]
[PlyCount "88"]

1.Nf3 f5 2.d4 Nf6 3.c4 g6 4.Nc3 Bg7 5.g3 O-O 6.Bg2 d6 7.O-O c6 8.d5 e5 9.
Ne1 e4 10.f3 exf3 11.exf3 Re8 12.Nc2 cxd5 13.cxd5 Nbd7 14.Be3 Ne5 15.Bd4 
f4 16.gxf4 Nf7 17.Qd2 Bf5 18.Rae1 Bxc2 19.Qxc2 Nh5 20.Rxe8+ Qxe8 21.Qd2 
Bxd4+ 22.Qxd4 Qd7 23.Re1 Re8 24.Re4 Rxe4 25.Qxe4 Qd8 26.Qd4 Qh4 27.Ne2 b6 
28.Bf1 Qe1 29.Qc4 Qd2 30.Qc8+ Kg7 31.Qc3+ Qxc3 32.bxc3 b5 33.Bh3 Nf6 34.
Be6 Nd8 35.Nd4 Nxe6 36.Nxe6+ Kf7 37.Nc7 a6 38.Kf2 Ke7 39.Ke3 Kd7 40.Nxa6 
Nxd5+ 41.Kd4 Nxf4 42.Nb4 Ne2+ 43.Kd3 Nf4+ 44.Kd4 Ne2+ 1/2-1/2

[Event "49th Bosna it"]
[Site "Sarajevo BIH"]
[Date "2019.05.02"]
[Round "8.13"]
[White "Pastar, Slaven"]
[Black "Tomic, Aleksandar"]
[Result "1-0"]
[WhiteElo "2295"]
[BlackElo "2357"]
[EventDate "2019.04.27"]
[PlyCount "39"]

1.e4 d5 2.exd5 Qxd5 3.Nc3 Qa5 4.Bc4 Nf6 5.d3 c6 6.Bd2 Qc7 7.Nge2 Bg4 8.f3 
Bf5 9.g4 Bc8 10.Ng3 e6 11.Qe2 b5 12.Bb3 b4 13.Nce4 Nd5 14.Nh5 Nd7 15.c4 
bxc3 16.bxc3 g6 17.c4 Qe5 18.Rd1 gxh5 19.d4 Qc7 20.cxd5 1-0

[Event "49th Bosna it"]
[Site "Sarajevo BIH"]
[Date "2019.05.02"]
[Round "8.14"]
[White "Aleksic, Neven"]
[Black "Muratovic, Efim"]
[Result "0-1"]
[WhiteElo "2184"]
[BlackElo "2400"]
[EventDate "2019.04.27"]
[PlyCount "110"]

1.d4 d5 2.c4 e6 3.Nf3 Nf6 4.cxd5 exd5 5.Nc3 Bd6 6.Bg5 c6 7.Qc2 O-O 8.e3 
Re8 9.Bd3 h6 10.Bh4 Bg4 11.h3 Bc8 12.Bxf6 Qxf6 13.O-O-O Nd7 14.Kb1 Bb4 15.
Ne2 Bd6 16.Nc3 Nb6 17.e4 dxe4 18.Nxe4 Qd8 19.Nxd6 Qxd6 20.Bh7+ Kh8 21.Bf5 
Qf6 22.Bxc8 Raxc8 23.Rhe1 Nd5 24.Re5 Red8 25.Rde1 Kg8 26.a3 Nf4 27.Rf5 Qd6
28.Qb3 Rc7 29.Ne5 Nd5 30.g4 Re8 31.Rd1 f6 32.Nd3 Kh8 33.Rf3 Rce7 34.h4 Re4
35.g5 Rxd4 36.gxh6 gxh6 37.Qxb7 Nc3+ 38.bxc3 Rb8 39.Qxb8+ Qxb8+ 40.Kc2 Rd6
41.Rg1 Qb5 42.Rg4 c5 43.Rfg3 Rd7 44.a4 Qc6 45.Rc4 Qd5 46.Rxc5 Qa2+ 47.Nb2 
Kh7 48.Rb5 Qe6 49.Re3 Qg4 50.Rb4 Qf5+ 51.Nd3 Qd5 52.Rb5 Qc6 53.Rb4 Rc7 54.
Nb2 Qd6 55.Nd3 a6 0-1

[Event "49th Bosna it"]
[Site "Sarajevo BIH"]
[Date "2019.05.02"]
[Round "8.15"]
[White "Bilic, Vladimir"]
[Black "Sitnic, Adnan"]
[Result "0-1"]
[WhiteElo "2343"]
[BlackElo "2174"]
[EventDate "2019.04.27"]
[PlyCount "122"]

1.e4 Nc6 2.d4 e5 3.dxe5 Nxe5 4.Nf3 Qf6 5.Nxe5 Qxe5 6.Bd3 Bb4+ 7.Nd2 d6 8.
O-O Nf6 9.Nc4 Qe7 10.c3 Bc5 11.b4 Bg4 12.Qe1 Bb6 13.a4 c6 14.Nxb6 axb6 15.
f3 Bh5 16.Be3 Nd7 17.Qf2 c5 18.Bb5 O-O 19.Rad1 Ne5 20.Qd2 Rfd8 21.Bf4 f6 
22.Bxe5 dxe5 23.Qe3 Bf7 24.bxc5 bxc5 25.Qe2 c4 26.Qe3 Qc7 27.h4 Rd6 28.
Rxd6 Qxd6 29.Kh2 Rd8 30.Rb1 h6 31.h5 Qd3 32.Qe1 Bxh5 33.Rb4 Bf7 34.a5 Ra8 
35.Ra4 Qc2 36.Rb4 Qd3 37.Ra4 Kh7 38.a6 bxa6 39.Rxa6 Rb8 40.Ra7 Kg8 41.Rd7 
Qc2 42.Bc6 Rb1 43.Rd8+ Kh7 44.Qe3 Qc1 45.Qxc1 Rxc1 46.Rf8 Be6 47.Re8 Bf7 
48.Rf8 Bh5 49.g4 Bg6 50.Bd5 h5 51.Kg3 Kh6 52.gxh5 Bxh5 53.Bxc4 Bxf3 54.
Kxf3 Rxc3+ 55.Kg4 Rxc4 56.Kf5 Kh7 57.Ra8 Rc1 58.Ke6 Kg6 59.Ra2 Rg1 60.Ra7 
Rg4 61.Kd5 Kh5 0-1

[Event "49th Bosna it"]
[Site "Sarajevo BIH"]
[Date "2019.05.02"]
[Round "8.16"]
[White "Arapovic, Vitomir"]
[Black "Bucan, Eldin"]
[Result "1-0"]
[WhiteElo "2331"]
[BlackElo "2135"]
[EventDate "2019.04.27"]
[PlyCount "73"]

1.e4 c5 2.Nf3 d6 3.c3 Nf6 4.h3 Nbd7 5.Bd3 Qc7 6.Bc2 c4 7.Qe2 e5 8.b3 cxb3 
9.axb3 Be7 10.O-O O-O 11.d4 a5 12.c4 b5 13.cxb5 Bb7 14.d5 Rfc8 15.Na3 Nc5 
16.Nd2 Bd8 17.Ndc4 h6 18.f4 Ncd7 19.fxe5 Nxe5 20.Nxe5 dxe5 21.Be3 Qd7 22.
Bd3 a4 23.bxa4 Rxa4 24.Nc4 Raxc4 25.Bxc4 Nxe4 26.Rfc1 Nd6 27.Bb3 Rb8 28.
Rc6 Nf5 29.Bf2 Qe8 30.Bc2 Bxc6 31.dxc6 Nd6 32.Qd3 Qe6 33.Qh7+ Kf8 34.Qh8+ 
Ke7 35.Ra7+ Nb7 36.Rxb7+ Rxb7 37.cxb7 1-0

[Event "49th Bosna it"]
[Site "Sarajevo BIH"]
[Date "2019.05.02"]
[Round "8.17"]
[White "Jerkovic, Maroje"]
[Black "Hodzic, Nihad"]
[Result "0-1"]
[WhiteElo "2145"]
[BlackElo "2296"]
[EventDate "2019.04.27"]
[PlyCount "80"]

1.e4 c5 2.Nf3 d6 3.d4 cxd4 4.Qxd4 Bd7 5.c4 Nc6 6.Qd3 Nf6 7.Nc3 g6 8.Be2 
Bg7 9.O-O O-O 10.h3 Rc8 11.Rb1 Be6 12.Nd5 Nxe4 13.Qxe4 Bf5 14.Qh4 Bxb1 15.
Bg5 f6 16.Rxb1 e6 17.Nf4 fxg5 18.Nxg5 h6 19.Nfxe6 hxg5 20.Nxg5 Re8 21.Bf3 
Nb4 22.Qh7+ Kf8 23.Qxg6 Rc7 24.a3 Re5 25.Nh7+ Kg8 26.axb4 Qh4 27.Qxd6 Rce7
28.Nf8 Bxf8 29.Bd5+ Kh8 30.Qb8 Qf4 31.Rf1 Re8 32.Qxb7 Re1 33.g3 Rxf1+ 34.
Kxf1 Qf6 35.c5 Bg7 36.c6 Rf8 37.f4 Qxb2 38.c7 Bd4 39.Ke1 Qf2+ 40.Kd1 Bc3 
0-1

[Event "49th Bosna it"]
[Site "Sarajevo BIH"]
[Date "2019.05.02"]
[Round "8.18"]
[White "Maksimovic, Masa"]
[Black "Galic, Zeljko"]
[Result "0-1"]
[WhiteElo "2107"]
[BlackElo "2293"]
[EventDate "2019.04.27"]
[PlyCount "132"]

1.d4 Nf6 2.c4 c5 3.d5 b5 4.cxb5 a6 5.bxa6 Bxa6 6.Nc3 d6 7.e4 Bxf1 8.Kxf1 
g6 9.g3 Bg7 10.Kg2 O-O 11.Nf3 Nbd7 12.a4 Qb6 13.Qe2 Rfb8 14.Nb5 Ne8 15.Bg5
Kf8 16.Nd2 Nc7 17.Nc4 Qb7 18.Nxc7 Qxc7 19.Ra3 Nb6 20.b3 Nxc4 21.Qxc4 Rb4 
22.Qc2 c4 23.bxc4 Rxc4 24.Qb1 f6 25.Be3 Raxa4 26.Rxa4 Rxa4 27.Qd3 Qc4 28.
Qxc4 Rxc4 29.Kf3 f5 30.exf5 gxf5 31.h3 h5 32.Re1 Bf6 33.Rg1 Be5 34.Ke2 Kf7
35.Kd3 Ra4 36.Rb1 f4 37.gxf4 Bxf4 38.Bd4 Bg5 39.f4 Ra3+ 40.Ke4 Bf6 41.Be3 
Ra2 42.Rb3 Re2 43.Kf5 Rg2 44.Bb6 Rd2 45.Ke4 Rd1 46.Rd3 Rb1 47.Be3 Kg6 48.
Bd2 Ra1 49.Rb3 Ra4+ 50.Rb4 Ra2 51.f5+ Kf7 52.Bf4 Ra3 53.Be3 Be5 54.Kf3 Bc3
55.Re4 Bd2 56.Kf4 Rxe3 57.Rxe3 Kf6 58.Ke4 Bxe3 59.Kxe3 Kxf5 60.Kf3 h4 61.
Ke3 Ke5 62.Kf3 Kxd5 63.Kg4 Ke4 64.Kxh4 d5 65.Kg3 d4 66.h4 e5 0-1

[Event "49th Bosna it"]
[Site "Sarajevo BIH"]
[Date "2019.05.02"]
[Round "8.19"]
[White "Maksimovic, Bojan"]
[Black "Kanyamarala, Tarun"]
[Result "1/2-1/2"]
[WhiteElo "2288"]
[BlackElo "2070"]
[EventDate "2019.04.27"]
[PlyCount "65"]

1.e4 c5 2.Nc3 Nc6 3.Nge2 Nd4 4.Nxd4 cxd4 5.Ne2 d5 6.d3 e5 7.exd5 Qxd5 8.c3
dxc3 9.Nxc3 Qd8 10.g3 Bc5 11.Bg2 Ne7 12.O-O O-O 13.Kh1 Bf5 14.Ne4 Bd4 15.
f4 Qb6 16.Qe2 Rad8 17.fxe5 Bxe5 18.Be3 Bd4 19.Bxd4 Rxd4 20.Rae1 Rd7 21.Qf2
Qxf2 22.Rxf2 Bxe4 23.Bxe4 Rfd8 24.Kg2 Nc8 25.Rc2 Nd6 26.Bf3 Nb5 27.Rc5 Nd4
28.Bg4 f5 29.Bxf5 Nxf5 30.Rxf5 Rxd3 31.Kh3 g6 32.Rfe5 R8d7 33.R1e2 1/2-1/2

[Event "49th Bosna it"]
[Site "Sarajevo BIH"]
[Date "2019.05.02"]
[Round "8.20"]
[White "Hadzovic, Amir"]
[Black "Sadikovic, Jasmin"]
[Result "1-0"]
[WhiteElo "2258"]
[BlackElo "2031"]
[EventDate "2019.04.27"]
[PlyCount "27"]

1.e4 e5 2.Nc3 Nf6 3.f4 Bb4 4.fxe5 Bxc3 5.dxc3 Ng8 6.Nf3 Ne7 7.Bc4 h6 8.O-O
O-O 9.Nh4 Nbc6 10.Qh5 Qe8 11.Bxh6 gxh6 12.Rf6 Nf5 13.Nxf5 Nxe5 14.Rxh6 1-0

[Event "49th Bosna it"]
[Site "Sarajevo BIH"]
[Date "2019.05.02"]
[Round "8.21"]
[White "Trumic, Enes"]
[Black "Karaoglan, Kivanc"]
[Result "0-1"]
[WhiteElo "2241"]
[BlackElo "2001"]
[EventDate "2019.04.27"]
[PlyCount "116"]

1.d4 Nf6 2.Nf3 e6 3.g3 d5 4.Bg2 c5 5.c4 dxc4 6.O-O Nc6 7.Ne5 Bd7 8.Nxc6 
Bxc6 9.Bxc6+ bxc6 10.Qa4 cxd4 11.Qxc6+ Nd7 12.Qxc4 Bc5 13.b4 Bb6 14.a4 Rc8
15.Qb5 O-O 16.Nd2 Nf6 17.a5 Bc7 18.Nf3 Qd5 19.Qxd5 Nxd5 20.Bd2 e5 21.b5 f6
22.e4 dxe3 23.fxe3 Bd6 24.e4 Nc7 25.Rfb1 Rb8 26.Be3 Nxb5 27.a6 Kf7 28.Ra5 
Nd4 29.Rxb8 Nxf3+ 30.Kf2 Rxb8 31.Kxf3 Rb3 32.Ke2 Bc7 33.Rd5 Ke6 34.Rd3 Rb4
35.Bxa7 Ra4 36.Rc3 Bd6 37.Be3 Rxa6 38.h4 h5 39.Rc8 Ra2+ 40.Kf3 Ra3 41.Kf2 
Kf7 42.Rd8 Bb4 43.Rd7+ Kg6 44.Rd1 Rc3 45.Rd5 Ba3 46.Ke2 Bc1 47.Bf2 Rb3 48.
Rd6 Bb2 49.Rb6 Rxb6 50.Bxb6 f5 51.Kf3 Kf6 52.Ba5 g6 53.Bd2 Ke6 54.Be1 Kd6 
55.Ba5 Kc5 56.exf5 gxf5 57.Ke3 Bd4+ 58.Ke2 Kd5 0-1

[Event "49th Bosna it"]
[Site "Sarajevo BIH"]
[Date "2019.05.02"]
[Round "8.23"]
[White "Rasidovic, Sead"]
[Black "Sajin, Mladen"]
[Result "1-0"]
[WhiteElo "2225"]
[BlackElo "1790"]
[EventDate "2019.04.27"]
[PlyCount "105"]

1.e4 e5 2.Nc3 Nf6 3.Bc4 Nc6 4.Nf3 Bc5 5.O-O d6 6.d3 Nd4 7.Nxd4 Bxd4 8.Ne2 
Bb6 9.h3 h6 10.Ng3 O-O 11.Qe2 c6 12.Bb3 a5 13.c3 a4 14.Bc2 Bc7 15.f4 d5 
16.f5 b6 17.Nh5 Ba6 18.Nxf6+ Qxf6 19.Qf3 dxe4 20.Qxe4 Rfd8 21.Be3 Bb7 22.
Bf2 Qd6 23.f6 g6 24.Be3 Kh7 25.Bxh6 Rh8 26.Bg7 Kg8 27.Bxh8 Kxh8 28.Qh4+ 
Kg8 29.Qh6 Qf8 30.Qxf8+ Kxf8 31.Rae1 c5 32.Bd1 a3 33.b3 Rd8 34.Bf3 Ba6 35.
c4 Rxd3 36.Rd1 Rd4 37.Rxd4 cxd4 38.Bd5 Bd6 39.Kf2 Bc8 40.g4 Bd7 41.Kf3 Be8
42.Ke4 Kg8 43.Rb1 g5 44.Kd3 Bb4 45.Rc1 Bd7 46.Rc2 Kf8 47.Re2 Bd6 48.Re1 
Kg8 49.b4 Be6 50.Bxe6 fxe6 51.c5 bxc5 52.bxc5 Bxc5 53.Rxe5 1-0

[Event "49th Bosna it"]
[Site "Sarajevo BIH"]
[Date "2019.05.02"]
[Round "8.24"]
[White "Kanyamarala, Trisha"]
[Black "Strinic, Halid"]
[Result "0-1"]
[WhiteElo "2028"]
[BlackElo "2124"]
[EventDate "2019.04.27"]
[PlyCount "78"]

1.d4 d5 2.c4 c6 3.Nc3 Nf6 4.Nf3 a6 5.e3 e6 6.Qc2 Bd6 7.b3 Nbd7 8.Bd3 O-O 
9.Bb2 dxc4 10.bxc4 e5 11.O-O exd4 12.exd4 Re8 13.Rad1 Nf8 14.Ne5 Ng6 15.
Rfe1 Be6 16.Bc1 Qa5 17.f4 Bg4 18.Be2 Bxe2 19.Rxe2 c5 20.Nxg6 Rxe2 21.Nxe2 
hxg6 22.d5 b5 23.Bd2 Qc7 24.Qd3 b4 25.Qf3 Re8 26.Ng3 a5 27.f5 Bxg3 28.hxg3
gxf5 29.Bf4 Qd7 30.a3 Re4 31.axb4 axb4 32.d6 Rxc4 33.Qa8+ Kh7 34.Qb8 Qe6 
35.d7 Nxd7 36.Qd8 Nf6 37.Qd3 Qe4 38.Qf1 Rc2 39.Re1 Rxg2+ 0-1

[Event "49th Bosna it"]
[Site "Sarajevo BIH"]
[Date "2019.05.02"]
[Round "8.25"]
[White "Abdic, Adnan"]
[Black "Janjic, Nikola"]
[Result "1/2-1/2"]
[WhiteElo "2177"]
[BlackElo "1878"]
[EventDate "2019.04.27"]
[PlyCount "118"]

1.e4 e5 2.Nf3 Nf6 3.Nc3 Nc6 4.d4 exd4 5.Nxd4 Nxd4 6.Qxd4 d6 7.Bg5 Be7 8.
O-O-O h6 9.Bh4 O-O 10.e5 Ng4 11.Bxe7 Qxe7 12.exd6 Qxd6 13.Qxd6 cxd6 14.Rd2
Rd8 15.h3 Nf6 16.Be2 Be6 17.Rhd1 Rd7 18.Rxd6 Rad8 19.Rxd7 Rxd7 20.Bf3 b6 
21.Nb5 Rxd1+ 22.Kxd1 a5 23.Nc3 Bd7 24.Kd2 Kf8 25.Ke3 Ke7 26.Kd4 Kd6 27.Nd5
Nxd5 28.Bxd5 f6 29.h4 g5 30.g3 Bf5 31.c3 Bd7 32.b3 Bf5 33.a3 Bd7 34.c4 Bf5
35.b4 axb4 36.axb4 Bc2 37.c5+ bxc5+ 38.bxc5+ Kc7 39.Be4 Bb3 40.Bf5 Kc6 41.
f4 Bd1 42.hxg5 hxg5 43.fxg5 fxg5 44.Be4+ Kd7 45.Ke5 Kc7 46.Kf6 g4 47.Ke5 
Bf3 48.Kf4 Bd1 49.Bf5 Kc6 50.Bxg4 Bc2 51.Bf3+ Kxc5 52.Ke5 Kb6 53.Kd6 Bf5 
54.Bd5 Bg4 55.Ke5 Kc7 56.Kf4 Bh3 57.Be4 Kd8 58.Bf5 Bf1 59.g4 Ke7 1/2-1/2

[Event "49th Bosna it"]
[Site "Sarajevo BIH"]
[Date "2019.05.02"]
[Round "8.26"]
[White "Peric, Bernard"]
[Black "Radulov, Nevena"]
[Result "1-0"]
[WhiteElo "2128"]
[BlackElo "1704"]
[EventDate "2019.04.27"]
[PlyCount "99"]

1.Nf3 c5 2.g3 Nc6 3.Bg2 d5 4.d4 Nf6 5.O-O e6 6.b3 Qc7 7.Bb2 cxd4 8.Nxd4 
Nxd4 9.Bxd4 Be7 10.Nd2 O-O 11.e3 b6 12.c4 Bb7 13.Rc1 dxc4 14.Nxc4 Bxg2 15.
Kxg2 Qb7+ 16.Qf3 Qxf3+ 17.Kxf3 Nd7 18.Rfd1 Bf6 19.e4 Rfd8 20.Ke3 Bxd4+ 21.
Rxd4 Nf6 22.Rcd1 Rxd4 23.Rxd4 Ng4+ 24.Ke2 h6 25.e5 h5 26.h3 Nh6 27.Rd7 f6 
28.f4 fxe5 29.Nxe5 Nf5 30.g4 hxg4 31.hxg4 Nh6 32.Re7 Rf8 33.Ke3 Rc8 34.
Rxa7 Rc3+ 35.Kd2 Rg3 36.g5 Nf5 37.Ra8+ Kh7 38.g6+ Rxg6 39.Nxg6 Kxg6 40.Rb8
Nd4 41.Rxb6 Kf5 42.Kd3 Nf3 43.Ke3 Ne1 44.Rb5+ Kf6 45.Ke4 g6 46.a4 Nc2 47.
Rb7 Na3 48.a5 Nb1 49.Kd3 Kf5 50.a6 1-0

[Event "49th Bosna it"]
[Site "Sarajevo BIH"]
[Date "2019.05.02"]
[Round "8.27"]
[White "Sabic, Muris"]
[Black "Terzic, Ilijas"]
[Result "0-1"]
[WhiteElo "1963"]
[BlackElo "2104"]
[EventDate "2019.04.27"]
[PlyCount "86"]

1.e4 c5 2.Nf3 Nc6 3.d4 cxd4 4.Nxd4 Nf6 5.Nc3 d6 6.Bg5 e6 7.Qd3 a6 8.Be2 h6
9.Bh4 Qb6 10.Nb3 Bd7 11.Bg3 Ne5 12.Qd2 Rc8 13.Rd1 Be7 14.O-O O-O 15.Kh1 
Rfd8 16.f3 Qc7 17.Rc1 b5 18.a3 Bc6 19.Nd4 Bb7 20.Bf2 Nfd7 21.f4 Nc4 22.
Bxc4 Qxc4 23.Rfe1 Nf6 24.Qd3 Qxd3 25.cxd3 Nd7 26.Nb3 g5 27.Be3 Kg7 28.Na5 
Ba8 29.b4 Bf6 30.e5 dxe5 31.fxg5 Bxg5 32.Bxg5 hxg5 33.Ne4 Bxe4 34.dxe4 
Rxc1 35.Rxc1 Nf6 36.h3 Rd3 37.Rc6 Rxa3 38.Rxa6 Nxe4 39.Rb6 Nc3 40.Nc6 e4 
41.Nd4 e3 42.Nc2 e2 43.Rc6 Ra2 0-1

[Event "49th Bosna it"]
[Site "Sarajevo BIH"]
[Date "2019.05.02"]
[Round "8.28"]
[White "Bunjo, Adnan"]
[Black "Zenelaj, Samuel"]
[Result "0-1"]
[WhiteElo "1974"]
[BlackElo "1916"]
[EventDate "2019.04.27"]
[PlyCount "62"]

1.d4 Nf6 2.Nf3 g6 3.h3 Bg7 4.Bf4 O-O 5.e3 d6 6.Be2 c5 7.c3 Qb6 8.b3 Bf5 9.
Nbd2 Nd5 10.Rc1 Nxf4 11.exf4 d5 12.g4 Bc8 13.Nf1 Nc6 14.Ne3 e6 15.dxc5 
Qxc5 16.Qc2 b6 17.b4 Qd6 18.b5 Ne7 19.Ng2 Bb7 20.O-O Rfc8 21.Qb3 Rc5 22.
Rc2 Rac8 23.Rfc1 Qc7 24.c4 Bh6 25.Qe3 Qd8 26.Ne5 d4 27.Qd2 Rxe5 28.fxe5 
Bxd2 29.Rxd2 Bxg2 30.Kxg2 Qc7 31.f4 Nd5 0-1

[Event "49th Bosna it"]
[Site "Sarajevo BIH"]
[Date "2019.05.02"]
[Round "8.29"]
[White "Culum, Sanjin"]
[Black "Selimovic, Amir"]
[Result "1-0"]
[WhiteElo "1864"]
[BlackElo "1972"]
[EventDate "2019.04.27"]
[PlyCount "120"]

1.c4 Nf6 2.Nc3 g6 3.g3 Bg7 4.Bg2 O-O 5.e3 c6 6.d4 d6 7.Nf3 Qa5 8.Bd2 Qc7 
9.O-O Bf5 10.Qe2 Ne4 11.Nh4 Bg4 12.Qd3 Nxd2 13.Qxd2 e5 14.h3 Bd7 15.d5 c5 
16.e4 f5 17.Kh2 f4 18.Nf3 a6 19.a4 Bh6 20.g4 a5 21.Nb5 Bxb5 22.axb5 g5 23.
h4 Qd8 24.Bh3 b6 25.Rh1 Nd7 26.Qe2 Rf7 27.Rag1 Rg7 28.Rg2 Nf8 29.Kg1 Raa7 
30.Kf1 a4 31.Qd3 a3 32.bxa3 Qa8 33.hxg5 Bxg5 34.Rgh2 Rxa3 35.Qe2 Ra2 36.
Qd3 Ra3 37.Qe2 Qa4 38.Kg1 h6 39.Bf1 Ra2 40.Qd3 Ra3 41.Qe2 Qb3 42.Rh3 Qa4 
43.Nxg5 hxg5 44.Rxa3 Qxa3 45.Rh3 Qa1 46.Rh5 Kf7 47.Qf3 Nh7 48.Qh3 Nf6 49.
Rh6 Qe1 50.Rxf6+ Kxf6 51.Qh6+ Kf7 52.Qe6+ Kf8 53.Qxd6+ Kf7 54.Qe6+ Kf8 55.
Qf6+ Kg8 56.Qxe5 Qd1 57.Qe6+ Kf8 58.e5 Rg6 59.Qxg6 Qxg4+ 60.Bg2 f3 1-0

[Event "49th Bosna it"]
[Site "Sarajevo BIH"]
[Date "2019.05.02"]
[Round "8.30"]
[White "Stanivukovic, Drago"]
[Black "Alihodzic, Muzafer"]
[Result "0-1"]
[WhiteElo "1848"]
[BlackElo "2147"]
[EventDate "2019.04.27"]
[PlyCount "80"]

1.d4 d5 2.Nf3 Nf6 3.g3 Bf5 4.Bg2 c6 5.O-O Qc8 6.Re1 Bh3 7.Bh1 h6 8.c4 e6 
9.Nc3 Bf5 10.cxd5 cxd5 11.Ne5 a6 12.Qa4+ Nbd7 13.Nxd7 Qxd7 14.Qxd7+ Kxd7 
15.e4 dxe4 16.Nxe4 Nxe4 17.Bxe4 Bb4 18.Re2 Bxe4 19.Rxe4 f5 20.Re3 b5 21.
Rb3 Bd6 22.Bd2 Rhc8 23.a4 Rc2 24.Bc3 b4 25.Be1 a5 26.f4 Rac8 27.Rd1 Re2 
28.Bf2 Rcc2 29.Rf3 Kc6 30.b3 Kd5 31.Rdd3 g5 32.fxg5 hxg5 33.h3 f4 34.gxf4 
gxf4 35.h4 Ke4 36.d5 e5 37.h5 Kf5 38.h6 e4 39.h7 Rc8 40.Rh3 exd3 0-1

[Event "49th Bosna it"]
[Site "Sarajevo BIH"]
[Date "2019.05.02"]
[Round "8.31"]
[White "Lapo, Safet"]
[Black "Petrovic, Marija"]
[Result "0-1"]
[WhiteElo "1770"]
[BlackElo "2068"]
[EventDate "2019.04.27"]
[PlyCount "94"]

1.d4 g6 2.e4 Bg7 3.Nf3 d6 4.Nc3 c6 5.Be3 Nf6 6.Be2 O-O 7.Qd2 b5 8.Bd3 a6 
9.Bh6 Nbd7 10.Bxg7 Kxg7 11.e5 dxe5 12.dxe5 Nd5 13.O-O Nc5 14.Be2 Nb4 15.
Rfd1 Qxd2 16.Rxd2 Ne6 17.a3 Nd5 18.Nxd5 cxd5 19.Rxd5 Nf4 20.Rd2 Bb7 21.Kf1
e6 22.Rd4 Nd5 23.c4 bxc4 24.Bxc4 a5 25.b3 Rfc8 26.Rad1 Rc7 27.Ng5 a4 28.b4
Rxc4 29.Rxc4 Ba6 30.Rc1 Nb6 31.Ke1 Nxc4 32.Rc3 Rc8 33.f4 Bb7 34.g3 Nb6 35.
Rd3 h6 36.Nh3 Bd5 37.Nf2 Rc2 38.Rd2 Rxd2 39.Kxd2 Nc4+ 40.Kc2 Nxa3+ 41.Kb2 
Nb5 42.Nd3 a3+ 43.Ka1 Nd4 44.Ne1 a2 45.Kb2 g5 46.Ka1 gxf4 47.gxf4 Kg6 0-1

[Event "49th Bosna it"]
[Site "Sarajevo BIH"]
[Date "2019.05.02"]
[Round "8.32"]
[White "Strinic, Hamdija"]
[Black "Jovovic, Milan"]
[Result "0-1"]
[WhiteElo "1751"]
[BlackElo "2065"]
[EventDate "2019.04.27"]
[PlyCount "96"]

1.d4 Nf6 2.c4 e6 3.Nf3 b6 4.Bg5 Bb7 5.e3 h6 6.Bxf6 Qxf6 7.a3 c5 8.Nc3 d6 
9.Nb5 Qd8 10.d5 exd5 11.cxd5 Be7 12.Bc4 a6 13.Nc3 b5 14.Ba2 Nd7 15.e4 Bf6 
16.Qd2 O-O 17.O-O Qc7 18.Rae1 Rfe8 19.Bb1 Rac8 20.Ne2 Nb6 21.Ng3 Nc4 22.
Qf4 Ne5 23.Nf5 Nxf3+ 24.gxf3 Bxb2 25.Kh1 Kf8 26.Rg1 Be5 27.Qh4 Qd8 28.Qh3 
Rc7 29.Rg2 Bc8 30.Reg1 Bxf5 31.Qxf5 Qh4 32.Qg4 Qxg4 33.Rxg4 g5 34.h4 f6 
35.h5 c4 36.Bc2 a5 37.Rb1 Rb8 38.Rgg1 b4 39.a4 b3 40.Bd1 Rb4 41.Re1 Rxa4 
42.Bxb3 cxb3 43.Rxb3 Rb4 44.Ra3 a4 45.Re2 Bb2 46.Ra2 a3 47.Kg2 Rc3 48.Kg3 
Rbb3 0-1